Lanean...
The Sree Narayana Vijayam(With Commentary)
| Egile nagusia: | |
|---|---|
| Formatua: | Printed Book |
| Hizkuntza: | Undetermined |
| Argitaratua: |
Trivandrum:
Author,
1975
|
| Gaiak: |
| LEADER | 00544nam a2200157Ia 4500 | ||
|---|---|---|---|
| 008 | 200110s9999||||xx |||||||||||||| ||und|| | ||
| 080 | |a 309.5483 |b BAL-S | ||
| 100 | |a Balarama Panicker M.A. | ||
| 245 | 4 | |a The Sree Narayana Vijayam(With Commentary) | |
| 260 | |a Trivandrum: |b Author, |c 1975 | ||
| 300 | |a 1046 p. |f HB | ||
| 500 | |a General | ||
| 650 | |a The Sree Narayana Vijayam(With Commentary) | ||
| 942 | |c BK | ||
| 999 | |c 252758 |d 252758 | ||
| 952 | |0 0 |1 0 |4 0 |6 309_548300000000000_BALS |7 0 |9 268683 |a SOC |b SOC |l 0 |o 309.5483 BAL-S |p SOC2557 |r 2020-01-14 |w 2020-01-14 |y BK | ||